Statystyki dla Odpowiedź Zaczyna się na "H"

Kliknij tutaj aby rozwiązać quiz!

Ogólne statystyki

  • Ten quiz został rozwiązany 11 409 razy
    (10 717 od ostatniego zresetowania)
  • Średni wynik to 16 z 26

Statystyki odpowiedzi

PytanieOdpowiedź% Poprawnych
Stolicą jakiego kraju jest Amsterdam?Holandia
99%
Jaką nazwę nosi pierwiastek chemiczny, którego nazwa jest identyczna z polską miejscowością nadmorską?Hel
94%
Do jakiej marki samochodów należą modele Civic, Accord oraz Jazz?Honda
90%
Jak określa się linię, wzdłuż której niebo wydaje się stykać z powierzchnią ziemi?Horyzont
89%
Jaką nazwę nosi szkoła dla czarodziejów z serii książek o Harrym Potterze?Hogwart
87%
Jak miał na imię grecki pisarz, autor Iliady oraz Odysei?Homer
87%
Jaką nazwę nosi wyspiarski stan USA?Hawaje
86%
Jak w powieści "Władca Pierścieni" nazywała się rasa do której należeli Bilbo i Frodo?Hobbici
85%
Jak miał na imię mitologiczny heros o nadludzkiej sile, który pokonał hydrę?Herkules
81%
Jaką nazwę nosiła od połowy XVI do XVIII wieku polska ciężka jazda nosząca półzbroję ze skrzydłami u ramion?Husaria
76%
Jak brzmi nazwa stolicy Kuby?Hawana
75%
Jak ma na nazwisko autor powieści "Stary Człowiek i Morze"?Hemingway
71%
Jaką nazwę nosi stan podobny do snu, wywołany przez sugestię innej osoby?Hipnoza
68%
Jaką inną nazwę nosi figura geometryczna -sześciokąt?Heksagon
64%
Jaki brzmi nazwa stolicy tego stanu?Honolulu
64%
Jak ma na imię alter-ego Bruce'a Banner'a z serii komiksów wydawnictwa Marvel?Hulk
64%
Jaką nazwę nosi protokół internetowy przesyłania dokumentów hipertekstowych? (Można podać zarówno skrót jak i pełną nazwę)HTTP
63%
Jak ma na imię aktor odgrywający rolę między innymi Indiany Jonesa oraz Hana Solo?Harrison
52%
Jak miał na imię dowódca wojsk Kartaginy, który przeprowadził swoją armię przez Alpy w kierunku Rzymu?Hannibal
46%
Jak miała na imię grecka mitologiczna bogini domowego ogniska?Hestia
45%
Jaką nazwę nosi miasto będące stolicą Dolnej Saksonii?Hannover
39%
Jak brzmi tytuł czołowej ekskluzywnej dla konsol Xbox serii futurystycznych FPS'ów?Halo
36%
Jaką nazwę nosi działo artyleryjskie przeznaczone do strzelania torem stromym do celów zasłoniętych?Haubica
26%
Jaką nazwę nosił największy niemiecki sterowiec, który zapłonął w czasie lądowania w New Jersey?Hindenburg
22%
Jaką nazwę nosi planeta z uniwersum Gwiezdnych Wojen na której znajdowała się Baza Echo?Hoth
20%
Jak brzmi tytuł popularnego w Polsce anime (i mangi) gdzie jednym z głównych bohaterów jest wampir Alucard?Hellsing
14%

Rozkład punktacji

Percentyl według liczby udzielonych odpowiedzi

Procent ludzi z każdym wynikiem

Twoja historia wyników

Nie rozwiązałeś tego quizu od ostatniego zresetowania